000 00490nam a2200133Ia 4500
008 220620s9999||||xx |||||||||||||| ||und||
022 _a19253710
100 _aChristabelle Sethna (Editor)||Joanna Dean (Editor)||Darcy Ingram (Editor)
245 0 _aAnimal Metropolis: Histories of Human-Animal Relations in Urban Canada
546 _aEnglish[eng]
650 _aAnimals||Anthropology||Environmental Science||History
856 _uhttps://press.ucalgary.ca/books/9781552388648
942 _cEB
999 _c34223
_d34223